Tournoi des 6 nations 2026 : Compositions des XV titulaires - Statistiques

Statistiques générales
  • Ce quiz a été pris 28 fois
  • Le résultat moyen est 43 sur 90
Statistiques - réponses
Nation Joueur Poste / Club % Correct
France Antoine Dupont 9 / Toulouse
100%
France François Cros 6 / Toulouse
100%
France Charles Ollivon 4 / Toulon
96%
France Jean-Baptiste Gros 1 / Toulon
96%
France Julien Marchand 2 / Toulouse
96%
France Mathieu Jalibert 10 / Bordeaux
96%
France Théo Attissogbe 14 / Pau
96%
France Thomas Ramos 15 / Toulouse
96%
France Dorian Aldegheri 3 / Toulouse
92%
France Louis Bielle-Biarrey 11 / Bordeaux
92%
France Mickaël Guillard 5 / Lyon
92%
France Oscar Jégou 7 / La Rochelle
88%
France Yoram Moefana 12 / Bordeaux
88%
France Anthony Jelonch 8 / Toulouse
84%
France Emilien Gailleton 13 / Pau
76%
Ecosse Finn Russell 10 / Bath
76%
Irlande Jamison Gibson-Park 9 / Leinster
72%
Italie Tommaso Menoncello 12 / Benetton
72%
Ecosse Darcy Graham 14 / Edimbourg
68%
Ecosse Huw Jones 13 / Glasgow
68%
Italie Paolo Garbisi 10 / Toulon
68%
Angleterre Alex Mitchell 9 / Northampton
64%
Ecosse Ben White 9 / Toulon
64%
Ecosse Blair Kinghorn 15 / Toulouse
64%
Angleterre George Ford 10 / Sale
64%
Italie Juan Ignacio Brex 13 / Toulon
64%
Angleterre Maro Itoje 4 / Saracens
64%
Angleterre Tommy Freeman 13 / Northampton
64%
Angleterre Ellis Genge 1 / Bristol
60%
Ecosse Kyle Steyn 11 / Glasgow
60%
Italie Monty Ioane 11 / Lyon
60%
Italie Simone Ferrari 3 / Benetton
60%
Angleterre Ben Earl 8 / Saracens
56%
Irlande Jack Crowley 10 / Munster
56%
Ecosse Sione Tuipulotu 12 / Glasgow
56%
Irlande Tadhg Furlong 3 / Leinster
56%
Irlande Josh Van Der Flier 7 / Leinster
52%
Irlande Tadhg Beirne 5 / Munster
52%
Italie Danilo Fischetti 1 / Northampton
48%
Angleterre Jamie George 2/ Saracens
48%
Italie Louis Lynagh 14 / Benetton
48%
Pays de Galles Louis Rees-Zammit 15 / Bristol
48%
Ecosse Matt Fagerson 6 / Glasgow
48%
Italie Niccolo Cannone 4 / Benetton
48%
Italie Niccolo Cannone 8 / Benetton
48%
Pays de Galles Rhys Carré 1 / Saracens
48%
Ecosse Zander Fagerson 3 / Glasgow
48%
Irlande Caelan Doris 8 / Leinster
44%
Irlande Gary Ringrose 13 / Leinster
44%
Italie Giacomo Nicotera 2 / Stade Français
44%
Angleterre Henry Arundell 11 / Bath
44%
Italie Lorenzo Pani 15 / Zebre
44%
Angleterre Ollie Chessum 5 / Leicester
44%
Irlande Dan Sheehan 2 / Leinster
40%
Irlande Joe McCarthy 4 / Leinster
40%
Italie Michele Lamaro 6 / Benetton
40%
Ecosse Pierre Schoeman 1 / Edimbourg
40%
Ecosse Rory Darge 7 / Glasgow
40%
Irlande Stuart McCloskey 12 / Ulster
40%
Irlande Jamie Osborne 15 / Leinster
36%
Italie Alessandro Fusco 9 / Zebre
32%
Angleterre Freddie Steward 15 / Leicester
32%
Ecosse Jack Dempsey 8 / Glasgow
32%
Angleterre Sam Underhill 7 / Bath
32%
Pays de Galles Aaron Wainwright 8 / Dragons
28%
Angleterre Guy Pepper 6 / Bath
28%
Pays de Galles Josh Adams 11 / Cardiff
28%
Irlande Robert Baloucoune 14 / Ulster
28%
Pays de Galles Tomos Williams 9 / Gloucester
28%
Irlande Jack Conan 6 / Leinster
24%
Irlande Jacob Stockdale 11 / Ulster
24%
Pays de Galles Daffyd Jenkins 4 / Exeter
20%
Angleterre Fraser Dingwall 12 / Northampton
20%
Angleterre Joe Heyes 3 / Leicester
20%
Italie Manuel Zuliani 6 / Benetton
20%
Italie Andrea Zambonin 5 / Exeter
16%
Pays de Galles Eddie James 13 / Scarlets
16%
Pays de Galles Tomas Francis 3 / Provence Rugby
16%
Angleterre Tom Roebuck 14 / Sale
16%
Pays de Galles Alex Mann 6 / Cardiff
12%
Pays de Galles Ellis Mee 14 / Scarlets
12%
Ecosse George Turner 2 / Harlequins
12%
Ecosse Gregor Brown 4 / Glasgow
8%
Ecosse Scott Cummings 5 / Glasgow
8%
Pays de Galles Dan Edwards 10 / Ospreys
4%
Pays de Galles James Botham 7 / Cardiff
4%
Pays de Galles Ben Carter 5 / Dragons
0%
Pays de Galles Dewi Lake 2 / Ospreys
0%
Irlande Jeremy Loughman 1 / Munster
0%
Pays de Galles Joe Hawkins 12 / Scarlets
0%
Aucun quiz correspondant
Distribution des résultats
% des personnes avec chaque résultat
Percentile par nombre de réponses
Votre historique - résultats
Vous n’avez pas pris ce quiz